|
|
|
|
| LEADER |
01162nam a2200277 u 4500 |
| 001 |
10118646 |
| 003 |
upatras |
| 005 |
20210117205702.0 |
| 008 |
160108s2009 us eng |
| 020 |
|
|
|a 9780898716610
|
| 040 |
|
|
|a GR-PaULI
|c GR-PaULI
|
| 041 |
0 |
|
|a eng
|
| 082 |
0 |
4 |
|a 519.72
|
| 100 |
1 |
|
|a Griva, Igor
|4 aut
|9 148095
|
| 245 |
1 |
0 |
|a Linear and nonlinear optimization
|c Igor Griva, Stephen G. Nash and Ariela Sofer
|
| 260 |
|
|
|a Philadelphia
|b Society for Industrial and Applied Mathematics
|c 2009
|
| 300 |
|
|
|a xxii, 742 σ.
|b σχήμ.
|c 26 εκ.
|
| 504 |
|
|
|a Περιλαμβάνει βιβλιογραφία και ευρετήριο
|
| 650 |
|
4 |
|a Γραμμικός προγραμματισμός
|9 882
|
| 700 |
1 |
|
|a Nash, Stephen G.
|4 aut
|9 144921
|
| 700 |
1 |
|
|a Sofer, Ariela
|4 aut
|9 144922
|
| 852 |
|
|
|a GR-PaULI
|b ΠΑΤΡΑ
|b ΒΚΠ
|b ΒΣ1
|k ΑΣΧΞ
|h 519.72 GRI
|m 133120
|p 025000252064
|t 1
|
| 942 |
|
|
|2 ddc
|c BK15
|
| 952 |
|
|
|0 0
|1 0
|4 0
|6 519_720000000000000_GRI
|7 0
|9 187461
|a LISP
|b LISP
|c BSC
|d 2016-04-24
|i 133120
|l 1
|m 1
|o 519.72 GRI
|p 025000252064
|r 2016-09-13 00:00:00
|s 2016-08-05
|t 1
|w 2016-04-24
|y BK15
|
| 998 |
|
|
|c ΒΑΣΙΛΕΙΟΥ
|d 2016-01
|
| 999 |
|
|
|c 115610
|d 115610
|